Техническое обслуживание, ремонт электрооборудования и сетей промышленных предприятий. Кн. 1 (Запись № 11639858)
[ простой вид ]
| 000 -МАРКЕР | |
|---|---|
| контрольное поле | 02142nam2a2200253 4500 |
| 001 - ИДЕНТИФИКАТОР ЗАПИСИ | |
| контрольное поле | RU\NLR\BIBL_A\012383557 |
| 005 - ИДЕНТИФИКАТОР ВЕРСИИ | |
| контрольное поле | 20221004141946.0 |
| 010 ## - МЕЖДУНАРОДНЫЙ СТАНДАРТНЫЙ НОМЕР КНИГИ (ISBN) | |
| Номер (ISBN) | 978-5-4468-8913-6 |
| Уточнения | кн. 1 |
| 021 ## - НОМЕР ГОСУДАРСТВЕННОЙ РЕГИСТРАЦИИ | |
| Код страны | Российская Федерация |
| Номер | КН-П-20-039506 |
| Номер Листа государственной регистраци | КН-П-20-2991 |
| 035 ## - ДРУГИЕ СИСТЕМНЫЕ НОМЕРА | |
| Идентификатор записи | (NLR Aleph) 012383557 |
| 035 ## - ДРУГИЕ СИСТЕМНЫЕ НОМЕРА | |
| Идентификатор записи | (RuMoRGB)010374577 |
| 100 ## - ДАННЫЕ ОБЩЕЙ ОБРАБОТКИ | |
| Данные общей обработки | 20201020d2020 u y0rusy50 ca |
| 101 0# - ЯЗЫК РЕСУРСА | |
| Язык текста, звукозаписи и т.д. | русский |
| 102 ## - СТРАНА ПУБЛИКАЦИИ ИЛИ ПРОИЗВОДСТВА | |
| Страна публикации | Российская Федерация |
| 105 ## - ПОЛЕ КОДИРОВАННЫХ ДАННЫХ: ТЕКСТОВЫЕ МАТЕРИАЛЫ, МОНОГРАФИЧЕСКИЕ | |
| Кодированные данные о монографическом текстовом документе | a|||j|||000zy |
| 200 0# - ЗАГЛАВИЕ И СВЕДЕНИЯ ОБ ОТВЕТСТВЕННОСТИ | |
| Основное заглавие | Кн. 1 |
| 215 ## - ФИЗИЧЕСКАЯ ХАРАКТЕРИСТИКА | |
| Специфическое обозначение материала и объем | 203, [1] с. |
| Другие сведения о физической характеристике | ил. |
| 320 ## - ПРИМЕЧАНИЯ О НАЛИЧИИ В ДОКУМЕНТЕ БИБЛИОГРАФИИ / УКАЗАТЕЛЯ | |
| Текст примечания | Библиогр.: с. 201 |
| 461 #0 - УРОВЕНЬ НАБОРА | |
| Встроенное поле | 001RU\NLR\BIBL_A\012383547 |
| -- | 2001#$aТехническое обслуживание, ремонт электрооборудования и сетей промышленных предприятий$eучебник$eдля студентов, обучающихся по всем специальностям, входящим в УГПС 13.00.00 "Электро- и теплоэнергетика", а также по профессии 13.01.10. "Электромонтер по ремонту и обслуживанию электрооборудования (по отраслям)$eв двух книгах$fЮ. Д. Сибикин$vКн. 1 |
| -- | 700#1$aСибикин$bЮ. Д.$f1928-2021$gЮрий Дмитриевич$3RU\NLR\AUTH\772666 |
| Системный номер (АБИС) связанной записи | 11639810 |
| Автор | Сибикин, Ю. Д. (1928-2021) |
| Место публикации | Москва |
| Дата публикации | 2020 |
| Издание | 13-е изд., испр. |
| Первые сведения об ответственности | Ю. Д. Сибикин |
| Имя издателя, распространителя и т.д. | Академия |
| Сведения, относящиеся к заглавию | учебник : для студентов, обучающихся по всем специальностям, входящим в УГПС 13.00.00 "Электро- и теплоэнергетика", а также по профессии 13.01.10. "Электромонтер по ремонту и обслуживанию электрооборудования (по ораслям) : в двух книгах |
| Заглавие | Техническое обслуживание, ремонт электрооборудования и сетей промышленных предприятий |
| ISBN | 9785446889129 |
| Номер тома | Кн. 1 |
| 942 ## - ДОПОЛНИТЕЛЬНЫЕ ЭЛЕМЕНТЫ ЗАПИСИ (АБИС) | |
| Тип экземпляра АБИС | Книга |
| 980 ## - КОЛЛЕКЦИЯ | |
| Название коллекции | Национальная библиография |
| Тип экземпляра | Дата поступления | Источник поступления | Библиотека постоянного хранения | Библиотека текущего хранения | Место хранения | Шифр хранения | Штрих-код | Статус экземпляра |
|---|---|---|---|---|---|---|---|---|
| Книга | 20.10.2020 | Обязательный экземпляр | РНБ (Московский) | РНБ (Московский) | Русский книжный фонд: издания с 1957 года | 2020-5/5134 | 1-3195746 | |
| Книга | 20.10.2020 | Обязательный экземпляр | РНБ (Московский) | РНБ (Московский) | Русский книжный фонд: издания с 1957 года | 2020-5/5134 | 1-3195747 |